| 000 | 00742nam a2200241 i 4500 | ||
|---|---|---|---|
| 001 | C2-0278209 | ||
| 003 | PPAK | ||
| 005 | 20180728005932.0 | ||
| 008 | 070301s1989 my a|||| ||||| | may d | ||
| 040 |
_aPPAK _beng _cPPAK _erda |
||
| 082 | 0 | 4 |
_a899.2309 _223 |
| 090 | 0 | 0 |
_a899.2309 _bDAR _dKAM |
| 100 | 0 |
_aDarwis Harahap, _eauthor |
|
| 245 | 1 | 0 | _aKonserto terakhir : dari sudut peradaban. |
| 264 | 1 |
_aKedah : _bMajlis Kebudayaan Negeri Kedah Darulaman. , _c1989. |
|
| 300 |
_a13 pages : _billustrations ; _c30 cm |
||
| 336 |
_2rdacontent _atext |
||
| 337 |
_2rdamedia _aunmediated |
||
| 338 |
_2rdacarrier _avolume |
||
| 500 | _aHari sastera Kedah Darulaman '89. | ||
| 650 | 1 | 0 | _aMalay literature - History and criticism |
| 942 |
_ddc _cB |
||
| 999 |
_c85203 _d85203 |
||